Boys and Girls Names starting with X, Y, and Z - Statistics

General Stats
  • This quiz has been taken 264 times
  • The average score is 4 of 19
Answer Stats
Answer % Correct
Xavier
81%
Zoe
76%
Zachary
71%
Xander
40%
Yasmin
39%
Xena
33%
Zane
26%
Zelda
25%
Zachariah
23%
Yasmina
8%
York
6%
Yale
5%
Xyla
4%
Yardley
3%
Xavia
2%
Yohannes
2%
Yadir
0%
Zadock
0%
Zinnea
0%
No matching quizzes found
Score Distribution
Percent of People with Each Score
Percentile by Number Answered
Your Score History
You have not taken this quiz